NRESTdb:Rubber gene databases- Viewing biological sequence and Function (Record no. 64209)
[ view plain ]
| 000 -LEADER | |
|---|---|
| fixed length control field | 00442nam a2200157Ia 4500 |
| 100 ## - MAIN ENTRY--AUTHOR NAME | |
| Personal name | KengSee Chow |
| 245 #0 - TITLE STATEMENT | |
| Title | NRESTdb:Rubber gene databases- Viewing biological sequence and Function |
| 260 ## - PUBLICATION, DISTRIBUTION, ETC. (IMPRINT) | |
| Name of publisher | Rubber Technology Developments |
| Year of publication | 2012 |
| 300 ## - PHYSICAL DESCRIPTION | |
| Number of Pages | 23-26 |
| 650 ## - SUBJECT ADDED ENTRY--TOPICAL TERM | |
| Topical Term | Biological sequence |
| 650 ## - SUBJECT ADDED ENTRY--TOPICAL TERM | |
| Topical Term | Function |
| 650 ## - SUBJECT ADDED ENTRY--TOPICAL TERM | |
| Topical Term | NRESTdb |
| 650 ## - SUBJECT ADDED ENTRY--TOPICAL TERM | |
| Topical Term | Rubber gene databases |
| 942 ## - ADDED ENTRY ELEMENTS (KOHA) | |
| Koha item type | Journals |
| Withdrawn status | Lost status | Damaged status | Not for loan | Home library | Current library | Shelving location | Date acquired | Serial Enumeration / chronology | Koha item type |
|---|---|---|---|---|---|---|---|---|---|
| Journals | RRII Library | RRII Library | Rubber technology | 01/01/2021 | Volume 12, Issue 1 | Journals |